Recientes modificaciones legislativas para abogados de familia modificaciones fiscales, el sn̕drome de alienacin̤ parental y previsiones capitulares /

Bibliographic Details
Main Authors: Holgado, Eva, Aguilar Cuenca, Jos ̌Manuel (Author), Paz-Ares, Ignacio (Author)
Format: Unknown
Language:Spanish
Published: Madrid : Dykinson, 2008
Subjects:
Online Access:Acceso restringido

MARC

LEADER 00000ny a22000003n 4500
005 2011022506596.0
006 m u
007 cr cn|||||||||
008 200903r2008 sp |||||s|||||||||||spa d
020 |a 9788498493542 
035 |a 2783 
040 |a FlNmELB  |c FlNmELB  |d vLex 
080 |a 347.61(460) 
090 |c 21  |d 21 
100 1 |a Holgado, Eva 
245 1 0 |a Recientes modificaciones legislativas para abogados de familia  |h [Recurso electrn̤ico]  |b modificaciones fiscales, el sn̕drome de alienacin̤ parental y previsiones capitulares /  |c Eva Holgado, Jos ̌Manuel Aguilar Cuenca, Ignacio Paz-Ares 
256 |a Servicio en ln̕ea 
260 |a Madrid :  |b Dykinson,  |c 2008 
300 |a 146 p.; 
506 1 |a Contenido solo disponible en los productos indicados  |d vLex Global  |d vLex Global (Academic Edition, excluding Law Schools)  |d vLex Global (U.S. Academic Edition, Law Schools)  |d vLex Global (U.S. Academic Edition, excluding Law Schools)  |d vLex Global (Academic Edition, Law Schools) 
650 0 7 |a Familia  |2 Tesauro vLex 
650 0 7 |a Abogado  |2 Tesauro vLex 
700 1 |a Aguilar Cuenca, Jos ̌Manuel,   |e aut 
700 1 |a Paz-Ares, Ignacio,   |e aut 
740 |a vLex Libros (Servicios en ln̕ea) 
856 4 0 |z Acceso restringido  |u http://vlex.com/source/modificaciones-legislativas-abogados-familia-2783 
942 |c BOOK 
999 0 |a Domestic relations  |b Spain 
999 0 |a Lawyers  |b Spain